| Tag |
First Indicator |
Second Indicator |
Subfields |
| LEADER |
00000cam a2200000 a 4500 |
| 001 |
in00000007193 |
| 005 |
20151005050052.0 |
| 008 |
870812s1987 nyua b 10010 eng |
| 010 |
|
|
|a 87071397
|
| 035 |
|
|
|a (OCoLC)16306149
|
| 035 |
|
|
|9 AAA1668AM
|
| 040 |
|
|
|a DLC
|c DLC
|d TXA
|d UtOrBLW
|
| 049 |
|
|
|a TXAM
|c [A12616369]
|
| 050 |
0 |
0 |
|a QC932
|b .S97 1987
|
| 082 |
0 |
|
|a 681/.2
|2 19
|
| 111 |
2 |
|
|a Symposium on Thermal Anemometry
|d (1987 :
|c Cincinnati, Ohio)
|
| 245 |
1 |
0 |
|a Symposium on Thermal Anemometry :
|b presented at the 1987 ASME Applied Mechanics, Bioengineering, and Fluids Engineering Conference, Cincinnati, Ohio, June 14-17, 1987 /
|c sponsored by the Fluids Engineering Division, ASME ; edited by D.E. Stock.
|
| 264 |
|
1 |
|a New York, N.Y. (345 E. 47th St., New York 10017) :
|b American Society of Mechanical Engineers,
|c [1987]
|
| 264 |
|
4 |
|c ©1987
|
| 300 |
|
|
|a v, 102 pages :
|b illustrations ;
|c 28 cm.
|
| 336 |
|
|
|a text
|b txt
|2 rdacontent
|
| 337 |
|
|
|a unmediated
|b n
|2 rdamedia
|
| 338 |
|
|
|a volume
|b nc
|2 rdacarrier
|
| 490 |
1 |
|
|a FED ;
|v vol. 53
|
| 504 |
|
|
|a Includes bibliographies.
|
| 650 |
|
0 |
|a Anemometer
|x Congresses.
|
| 650 |
|
0 |
|a Hot-wire anemometer
|x Congresses.
|
| 650 |
|
0 |
|a Fluid dynamic measurements
|v Congresses.
|
| 650 |
|
0 |
|a Reynolds stress
|x Measurement
|x Congresses.
|
| 650 |
|
0 |
|a Vortex-motion
|x Measurement
|x Congresses.
|
| 700 |
1 |
|
|a Stock, David E.
|
| 711 |
2 |
|
|a ASME Applied Mechanics, Bioengineering, and Fluids Engineering Conference
|d (1987 :
|c Cincinnati, Ohio)
|
| 710 |
2 |
|
|a American Society of Mechanical Engineers.
|b Fluids Engineering Division.
|
| 830 |
|
0 |
|a FED (Series) ;
|v vol. 53.
|
| 999 |
|
|
|a MARS
|
| 999 |
f |
f |
|s 2c540815-a7bc-3253-bc8d-b3b61cba0887
|i 81f45223-32ce-3c5f-84f1-ae49fbf6d0f4
|t 0
|
| 952 |
f |
f |
|p ric
|a Texas A&M University
|b Rellis Campus
|c Joint Library Facility
|d Remote Storage
|t 0
|e QC932 .S97 1987
|h Library of Congress classification
|i unmediated -- volume
|m A14812616369
|
| 998 |
f |
f |
|a QC932 .S97 1987
|t 0
|l Remote Storage
|